000 00312nam a22001337a 4500
008 181102b xxu||||| |||| 00| 0 eng d
020 _a0721674119
041 _aeng
080 _a610
100 _a4
101 _aSHM
245 _aEthical Dimensions in the Health Professions
_cPurtilo,R.B
942 _2udc
_cBK
999 _c51598
_d51598